Tribológia ako súčasť návrhu strojových uzlov

Bibliographic Details
Main Authors: Sekereš, Ján, 1945- (Author), Turis, Ján, 1964- (Author)
Format: Book
Language:Slovak
PhysicalDescription:71 s. grafy, sch., tab. 24 cm
Published: Vo Zvolene Technická univerzita 2009
ISBN:9788022820899
Edition:1 vyd.
Subjects:

MARC

LEADER 00000cam a2200000 a 4500
001 vtls010100435
003 SK-MaSNL
005 20260301131310.0
008 240315s2009 xo dl d p 000 0 slo
015 |a SNBA2010/07-04021 
020 |a 9788022820899  |q (brož.) 
035 |a 6FAC57F8-3444-4C2F-891B-FE515564030E 
035 |a urn:nbn:sk:snk-amjfzx 
035 |a urn:nbn:sk:snk-am001rev 
040 |a SNK  |b slo  |c SNK  |e AACR2 
041 0 |a slo 
044 |a xo  |c SK 
072 7 |a 621  |x Strojárstvo  |2 konspekt 
080 |a 621.89:539.62  |2 2001 
080 |a 621.891  |2 2001 
080 |a (072)  |2 2001 
100 1 |a Sekereš, Ján,  |d 1945-  |4 aut  |9 207547 
245 1 0 |a Tribológia ako súčasť návrhu strojových uzlov  |c Ján Sekereš, Ján Turis 
250 |a 1 vyd. 
260 |a Vo Zvolene  |b Technická univerzita  |c 2009 
300 |a 71 s.  |b grafy, sch., tab.  |c 24 cm 
366 |e 60 výt. 
504 |a Bibliogr. s. 70-71 
521 |a Účelová publ. pre TU vo Zvolene 
650 0 7 |a tribológia  |2 SNKPH  |9 24357 
650 0 7 |a Tribology  |2 SNKPHeng  |9 274399 
650 0 7 |a Tribotechnics  |2 SNKPHeng  |9 274400 
650 0 7 |a tribotechnika  |2 SNKPH  |9 68476 
655 7 |a učebné pomôcky  |2 SNKPH  |9 70567 
655 7 |a Teaching aids  |2 SNKPHeng  |9 315691 
700 1 |a Turis, Ján,  |d 1964-  |4 aut  |9 207351 
710 2 |a Technická univerzita vo Zvolene.  |b Fakulta environmentálnej a výrobnej techniky  |4 pbl  |9 133252 
852 |a Štátna vedecká knižnica v Banskej Bystrici 
919 |a 978-80-228-2089-9 
958 |a NB 
958 |a OND 
968 |d 62 
999 |c 747513  |d 749443 
952 |a SNK  |b SNK  |y PREZ  |7 0  |p 17A0660326  |o snkSC 140547  |i snk2010/11419  |8 0  |0 0  |1 0  |4 0  |d 2010-05-27  |f 1  |l 0  |r 2025-07-08 00:00:00  |w 2026-02-23 
952 |a SNK  |b SNK  |y VYP  |7 0  |p 17A0660325  |o snkSC 140547 D1  |i snk2010/11420  |8 0  |0 0  |1 0  |4 0  |d 2010-05-27  |l 0  |r 2026-02-23 23:20:57  |w 2026-02-23